Online Catalogue and eLibrary

Gender issues in ethnography (Record no. 985)

MARC details
000 -LEADER
fixed length control field 00222nam a2200097Ia 4500
008 - FIXED-LENGTH DATA ELEMENTS--GENERAL INFORMATION
fixed length control field 240331s9999 xx 000 0 und d
082 ## - DDC Classification
Class No. 300
Item Number - Author Mark WAR
100 ## - MAIN ENTRY--PERSONAL NAME
Personal name Warren, C.A.B
245 #0 - TITLE STATEMENT
Title Gender issues in ethnography
942 ## - Koha item type (Biblio)
Koha item type Books in Stacks (Lending)
Holdings
Lost status Damaged status Collection code Home library Current library Shelving location Date acquired Full call number Accession Number Item type
    Lending WERC Library WERC Library Social Science Cupboard 03/31/2024 300 WAR 4597 Books in Stacks (Lending)

© WERC Library